000 00538cam a2200193ua 4500
001 2129
005 20260515113440.0
008 110805n ii |||gr||||Z||||||eng
040 _cMAIN
082 _a150
100 _aTrow, William Clark,
_eAuthor.
245 1 _aPsychology in teaching and learning
_cby William Clark Trow
250 _a1st.
260 _aNew Delhi:
_bEurasia publishing house pvt. ltd.,970.
300 _axv; 488p:
_bill;
_c23cm.
653 _aPsychology
653 _aPsychology in teaching and learning
942 _cBK
999 _c1995
_d1995